Star Wars - statki - Statystyki

Ogólne statystyki
  • Ten quiz został rozwiązany 112 razy
  • Średni wynik to 2 z 15
Statystyki odpowiedzi
Wskazówka Odpowiedź % Poprawnych
"Najlepszy pilot w galaktyce" Han Solo
86%
"It's a trap!" Admirał Ackbar
49%
"Czerwony 2", brał udział m. in. w zniszczeniu obydwóch Gwiazd Śmierci Wedge Antilles
37%
Był drugim pilotem na pokładzie Sokoła Milenium podczas bitwy o Endor Nien Numb
12%
Typ krążownika dowodzenia sił Federacji Handlowej Lucrehulk
10%
Bliski przyjaciel Luke'a, zginął w bitwie o Yavin Biggs Darklighter
9%
Bitwa ta była jednym z ostatnich wielkich bitew Wojen Klonów Bitwa o Coruscant
5%
Elitarna eskadra myśliwców Rebelii i Nowej Republiki Eskadra Łotrów
5%
Nazwa promu, którym Luke uciekł z II Gwiazdy Śmierci Tydirium
5%
Typ myśliwca TIE, którym pilotował mroczny Lord Vader TIE Advanced X1
4%
Dowódca na pokładzie Executora Firmus Piett
3%
"Snap" Temmin Wexley
2%
Statek, którym Ahsoka i Rex uciekli z pokładu rozbijającego się krążownika Republiki BTL-B Y-Wing
1%
Typ statków, którymi poruszali się rebelianci podczas bitwy o Hoth T-47 Airspeeder
1%
Odnalazł Luke'a na Hoth Zev Senesca
1%
Nie znaleziono quizów pasujących do podanych kryteriów
Rozkład punktacji
Procent ludzi z każdym wynikiem
Percentyl według liczby udzielonych odpowiedzi
Twoja historia wyników
Nie rozwiązałeś tego quizu